Score 0/57 Timer 04:00
3 Plays Today
Hint Word % Correct
✶ Day 2 bird ✶dove
92.2%
All you need is thislove
90.2%
✴ Day 10 leaper ✴lord
85.9%
Paint chip poisonlead
85.1%
Shakespearean kingLear
85%
✯ Day 5 jewelry ✯ring
84.6%
Brought to completiondone
84.6%
❊ Day 3 birds ❊hens
83.5%
✳ Day 8 milker ✳maid
82%
❉ With [last rung], day 1 item ❉pear
80.6%
Orally communicated mythslore
80.5%
Laundry unitload
80%
____ and lasseslads
78.6%
Without clothesbare
76.7%
Bears' abodesdens
76.5%
Puts ondons
75.3%
Stallion counterpartmare
74.7%
Not as muchless
74.3%
Police bustraid
70.6%
❅ Day 4 caller ❅bird
69.6%
✷ Day 9 dancer ✷lady
69.5%
Electronic or snailmail
68.8%
Spray to deter an attackMace
68.5%
Fasten a shoelace
68%
Orange wrapperrind
66.7%
❇ With [first rung], day 1 item ❇tree
66.6%
✵ Day 7 swimmer ✵swan
64.4%
Scotsman ConnerySean
63.8%
Outer organskin
63.4%
Hint Word % Correct
Author AynRand
63%
Car movement on the iceskid
62.9%
Enthalpy lawmakerHess
62.1%
Moose or elkdeer
61.8%
Semiconductor light sourcesLEDs
61.4%
Microsoft decision engineBing
60.5%
Letter starterdear
59.3%
Itinerant musicianbard
59%
Like a petticoatlacy
54.5%
Crossed the Thamesswam
54.2%
Problematic situationbind
53.2%
Stitching junctionseam
53.2%
Harnesses windsail
52.1%
Collegiate commanderdean
52%
Conveyed informationsaid
50.4%
Soft cheeseBrie
46.9%
Boastbrag
45.3%
❈ Day 12 instrument ❈drum
44.5%
Piratical prisonbrig
39.4%
Move an icondrag
38.8%
Man of actiondoer
34.8%
He sorts, en françaistrie
33.9%
Archaic measure of weightdram
30.7%
Spice up a servespin
26.2%
Grimly gloomydour
25.6%
Malady remedydrug
21.4%
Run the gamutspan
21.2%
90s' FunnieDoug
17.2%

Today's Daily Dose

Quick Pick
Colorful Movies

Get the Picture
Dog Breeds II

Remove Ads.
Support Sporcle.
Get the best of Sporcle when you Go Orange. This ad-free experience offers more features, more stats, and more fun while also helping to support Sporcle. Thank you for becoming a member.

You're not logged in!

Compare scores with friends on all Sporcle quizzes.
OR
Log In

Show Comments

Extras

Top Quizzes Today


Score Distribution

Your Account Isn't Verified!

In order to create a playlist on Sporcle, you need to verify the email address you used during registration. Go to your Sporcle Settings to finish the process.

Report this User

Report this user for behavior that violates our Community Guidelines.

Details: